Las estrategias de la transferencia en psicoanálisis /
Guardado en:
| Autor Corporativo: | |
|---|---|
| Otros Autores: | |
| Formato: | Desconocido |
| Lenguaje: | Spanish |
| Publicado: |
Argentina :
Manantial,
1992.
|
| Materias: | |
| Etiquetas: |
Agregar Etiqueta
Sin Etiquetas, Sea el primero en etiquetar este registro!
|
MARC
| LEADER | 000000000a22000000004500 | ||
|---|---|---|---|
| 001 | 003460 | ||
| 020 | |a 9509515647 | ||
| 041 | 0 | |a spa | |
| 082 | 0 | 4 | |a 155.24 |b E82e |
| 110 | 2 | |a Encuentro Internacional del Campo Freudiano |n (7°) | |
| 245 | 1 | 4 | |a Las estrategias de la transferencia en psicoanálisis / |c VII Encuentro Internacional del Campo Freudiano ; Asociación de la Fundación del Campo Freudiano, editor. |
| 260 | 1 | |a Argentina : |b Manantial, |c 1992. | |
| 300 | |a 442 páginas | ||
| 500 | |a Colección George Yudice | ||
| 650 | 4 | |a PSICOANALISIS (TRANSFERENCIA) | |
| 700 | 2 | |a Asociación de la Fundación del Campo Freudiano, |e editor | |
| 999 | |c 9682 |d 9682 | ||
| 942 | |c BK |h 155.24 E82e |2 z | ||



